Escalas : libro I /

Збережено в:
Бібліографічні деталі
Автор: Vulfman, Vladimir (autor)
Формат: Книга
Мова:Іспанська
Опубліковано: San Luis Potosí, México : Gobierno del Estado de San Luis Potosí : Ponciano Arriaga, 1994, c1978
Предмети:
Теги: Додати тег
Немає тегів, Будьте першим, хто поставить тег для цього запису!

MARC

LEADER 00000nam^a2200000^a^4500
001 000165558
005 20250521000000.0
009 20260310101022.084
037 |a Acervo ITESO - Biblioteca 
041 |a ESP 
082 |a 781. 3  |b VUL V. 1 
100 |a Vulfman, Vladimir  |e (autor) 
245 1 0 |a Escalas :  |b libro I /  |c V. Vulfman. 
264 4 |a San Luis Potosí, México :  |b Gobierno del Estado de San Luis Potosí :  |b Ponciano Arriaga,  |c 1994, c1978 
300 |a 50 p. 
336 |a texto  |b txt  |2 rdacontenido 
337 |a sin mediación  |b n  |2 rdamedio 
338 |a volumen  |b nc  |2 rdasoporte 
649 |a XX 
650 |a Escala Musical 
650 |a Melodía 
650 |a Elementos Musicales 
650 |a Música -  |x Estudio y Enseñanza 
650 |a Música -  |x Técnica 
650 |a Música -  |x Teoría 
910 |a Fondo General 
920 |a Impresos - Libros 
930 |a Colección General 
905 |a 101 
901 |a 0500100063  |b IT1  |c ACC  |u 20250521 
902 |a https://opac.biblio.iteso.mx/vufind/Record/000165558